| 000 | 00985cam a2200301ui 4500 | ||
|---|---|---|---|
| 001 | 200431529 | ||
| 003 | TR-AnTOB | ||
| 005 | 20260122131055.0 | ||
| 007 | ta | ||
| 008 | 971113s1992 su r 001 0 eng | ||
| 010 | _a 92963222 | ||
| 040 |
_aDLC _beng _erda _cDLC _dTR-AnTOB |
||
| 041 | 0 | _aeng | |
| 050 | 0 | 0 |
_aHG3881.5.I84 _bD57 1992 |
| 090 |
_aHG3881.5.I84 _bD57 1992 |
||
| 245 | 0 | 0 | _aDirectory of channels of communication and specialized focal points. |
| 250 | _a2nd ed. | ||
| 264 | 1 |
_aJeddah, Saudi Arabia : _bInformation Center, Islamic Researche [sic] and Training Institute, Islamic Development Bank, _c1992. |
|
| 300 |
_a186 pages : _c24 cm |
||
| 336 |
_atext _btxt _2rdacontent |
||
| 337 |
_aunmediated _bn _2rdamedia |
||
| 338 |
_avolume _bnc _2rdacarrier |
||
| 610 | 0 |
_aIslamic Development Bank _vDirectories. _9109267 |
|
| 710 | 2 |
_aIslamic Research and Training Institute _9122803 |
|
| 942 |
_2lcc _cBK |
||
| 999 |
_c200431529 _d49741 |
||